00892nam a2200253 i 4500001001000000003000900010005001700019007000300036008004100039040003000080082002300110100004000133245010000173260001000273264003400283300004300317336002700360337003300387338002800420490005300448650002800501650003100529710007800560000016142DO-SdBNP20250502073820.0ta100226s1978 dr a 001 0 spa d aDO-SdBNPbspacBNPHUerda a658.306bA485c2221 aAmaro Guzmán, Raymundod1934-201810aClasificación de puestos y administración de sueldos y salarios /cRaymundo Amaro Guzmán. c1978. aSanto Domingo :bONAP,c1978. a107 paginas :bilustraciones ;c22 cm. 2rdacontentatextobtxt 2rdamediaasin mediaciónbn 2rdacarrieravolumenbnc1 aONAP. Colección estudios administrativos ;v42 4aEmpleoxClasificación 4aSalariosxAdministración1 aRepública Dominicana.bOficina Nacional de Administración y Personal